000 nam a22 7a 4500
999 _c54538
_d54538
003 OSt
005 20220801154128.0
008 220801b xxu||||| |||| 00| 0 eng d
040 _cIIMT UNIVERSITY
100 _aGEETA PRESS GORAKHPUR
245 _aKALYAN 1970
260 _aGORAKHPUR
_bGEETA PRESS
_c1970
300 _a378
942 _2ddc
_c09